header

Disposable people (Record no. 198455)

MARC details
000 -LEADER
fixed length control field 01773nam a2200397 a 4500
082 04 - DEWEY DECIMAL CLASSIFICATION NUMBER
Classification number 306.3/62
100 1# - MAIN ENTRY--AUTHOR NAME
Personal name Bales, Kevin.
245 10 - TITLE STATEMENT
Title Disposable people
250 ## - EDITION STATEMENT
Edition statement Rev. ed. with a new preface.
260 ## - PUBLICATION, DISTRIBUTION, ETC. (IMPRINT)
Place of publication Berkeley :
Name of publisher University of California Press,
Year of publication c2012.
300 ## - PHYSICAL DESCRIPTION
Number of Pages xxxvi, 298 p., [12] p. of plates :
Other physical details ill.
500 ## - GENERAL NOTE
General note First paperback printing 2000.
505 0# - FORMATTED CONTENTS NOTE
Formatted contents note The new slavery -- Thailand : because she looks like a child -- Mauritania : old times there are not forgotten -- Brazil : life on the edge -- Pakistan : when is a slave not a slave? -- India : the ploughman's lunch -- What can be done? -- Coda : three things you can do to stop slavery.
650 #0 - SUBJECT ADDED ENTRY--TOPICAL TERM
Topical Term Slavery.
Topical Term Slave labor.
Topical Term Poor
Topical Term Prostitution.
856 40 - ELECTRONIC LOCATION AND ACCESS
Uniform Resource Identifier http://site.ebrary.com/lib/rucke/Doc?id=10555074

No items available.

© 2026 Rongo University
Contact us: librarian | system librarian | Rongo university